书目信息 |
| 题名: |
工笔人物画范
|
|
| 作者: | 彭连熙 绘 | |
| 分册: | 3 彭连熙作品选 | |
| 出版信息: | 天津 天津人民美术出版社 2005.01 |
|
| 页数: | 16页 | |
| 开本: | 38cm | |
| 丛书名: | ||
| 单 册: | ||
| 中图分类: | J212.25 | |
| 科图分类: | ||
| 主题词: | 工笔画--gong bi hua--人物画--技法 (美术) | |
| 电子资源: | ||
| ISBN: | 7-5305-2714-2 | |
| 000 | 00833nam0 2200241 450 | |
| 001 | 012007043079 | |
| 005 | 20070924164306.39 | |
| 010 | @a7-5305-2714-2@dCNY18.00 | |
| 100 | @a20070812d2005 km y0chiy0120 ea | |
| 101 | 0 | @achi |
| 102 | @aCN@b120000 | |
| 105 | @aa z 000yy | |
| 106 | @ad | |
| 200 | 1 | @a工笔人物画范@Agong bi ren wu hua fan@h3@i彭连熙作品选@f彭连熙绘@Fpeng lian xi hui |
| 210 | @a天津@c天津人民美术出版社@d2005.01 | |
| 215 | @a16页@c图@d38cm | |
| 330 | @a本书主要收录的作品包括:“秋思”、“竹影清韵”、“浣沙图”、“春藤”、“梅花巾”、“清秋”、“风清云静藕花香”、“折桂图”等。 | |
| 517 | 1 | @a彭连熙作品选@Apeng lian xi zuo pin xuan |
| 606 | 0 | @a工笔画@Agong bi hua@x人物画@x技法 (美术) |
| 690 | @aJ212.25@v4 | |
| 701 | 0 | @a彭连熙@Apeng lian xi@4绘 |
| 801 | 0 | @aCN@c20070924 |
| 905 | @dJ212.25@eP517:3 | |
| 工笔人物画范.3.彭连熙作品选/彭连熙绘.-天津:天津人民美术出版社,2005.01 |
| 16页:图;38cm |
| ISBN 7-5305-2714-2:CNY18.00 |
| 本书主要收录的作品包括:“秋思”、“竹影清韵”、“浣沙图”、“春藤”、“梅花巾”、“清秋”、“风清云静藕花香”、“折桂图”等。 |
| ● |
| 相关链接 |
|
|
|
正题名:工笔人物画范
索取号:J212.25/P517:3
 
预约/预借
| 序号 | 登录号 | 条形码 | 馆藏地/架位号 | 状态 | 备注 |
| 1 | 257369 | 202573697 | 艺术设计学院资料室/ [索取号:J212.25/P517:3] | 在馆 | |
| 2 | 257370 | 202573704 | 自科二线404/309社科库 69排2列5层/ [索取号:J212.25/P517:3] | 在馆 | |
| 3 | 257371 | 202573713 | 自科二线404/309社科库 69排2列5层/ [索取号:J212.25/P517:3] | 在馆 |